Nuclear fusion : (Record no. 63912)
[ view plain ]
| 000 -LEADER | |
|---|---|
| fixed length control field | 01030 a2200325 4500 |
| 001 - CONTROL NUMBER | |
| control field | 63912 |
| 003 - CONTROL NUMBER IDENTIFIER | |
| control field | TR-AnTOB |
| 005 - DATE AND TIME OF LATEST TRANSACTION | |
| control field | 20230602090850.0 |
| 008 - FIXED-LENGTH DATA ELEMENTS--GENERAL INFORMATION | |
| fixed length control field | 110503s2002 enka b 001 0 c |
| 020 ## - INTERNATIONAL STANDARD BOOK NUMBER | |
| International Standard Book Number | 0750307056 |
| 035 ## - SYSTEM CONTROL NUMBER | |
| System control number | (OCoLC)50453488 |
| 040 ## - CATALOGING SOURCE | |
| Original cataloging agency | EQO |
| Transcribing agency | EQO |
| Modifying agency | UMC |
| -- | CUS |
| -- | UtOrBLW |
| 041 ## - LANGUAGE CODE | |
| Language code of text/sound track or separate title | İngilizce |
| 042 ## - AUTHENTICATION CODE | |
| Authentication code | pcc |
| 050 ## - LIBRARY OF CONGRESS CALL NUMBER | |
| Classification number | QC791.745 |
| Item number | .B73 2002 |
| 090 ## - LOCALLY ASSIGNED LC-TYPE CALL NUMBER (OCLC); LOCAL CALL NUMBER (RLIN) | |
| Classification number (OCLC) (R) ; Classification number, CALL (RLIN) (NR) | QC791.745 .B73 2002 |
| 100 ## - MAIN ENTRY--PERSONAL NAME | |
| Personal name | Braams, C. M., |
| Fuller form of name | (Cornelis Marius), |
| Dates associated with a name | 1925- |
| 9 (RLIN) | 36886 |
| 245 #0 - TITLE STATEMENT | |
| Title | Nuclear fusion : |
| Remainder of title | half a century of magnetic confinement fusion research / |
| Statement of responsibility, etc. | C.M. Braams and P.E. Stott. |
| 264 #1 - PRODUCTION, PUBLICATION, DISTRIBUTION, MANUFACTURE, AND COPYRIGHT NOTICE | |
| Place of production, publication, distribution, manufacture | Bristol ; |
| -- | Philadelphia : |
| Name of producer, publisher, distributor, manufacturer | IOP, |
| Date of production, publication, distribution, manufacture, or copyright notice | c2002 |
| 300 ## - PHYSICAL DESCRIPTION | |
| Extent | xv, 327 p. : |
| Other physical details | ill. ; |
| Dimensions | 24 cm |
| 504 ## - BIBLIOGRAPHY, ETC. NOTE | |
| Bibliography, etc. note | |
| 650 #0 - SUBJECT ADDED ENTRY--TOPICAL TERM | |
| Topical term or geographic name entry element | Nuclear fusion |
| General subdivision | Research |
| 9 (RLIN) | 36888 |
| Topical term or geographic name entry element | Controlled fusion |
| General subdivision | Research |
| -- | History |
| 9 (RLIN) | 36889 |
| 690 ## - LOCAL SUBJECT ADDED ENTRY--TOPICAL TERM (OCLC, RLIN) | |
| Topical term or geographic name as entry element | Plasma physics |
| Topical term or geographic name as entry element | Nuclear physics |
| 700 ## - ADDED ENTRY--PERSONAL NAME | |
| Personal name | Stott, P. E., |
| Fuller form of name | (Peter E.) |
| 9 (RLIN) | 36887 |
| 901 ## - LOCAL DATA ELEMENT A, LDA (RLIN) | |
| a | SDB |
| b | 4427175x |
| 902 ## - LOCAL DATA ELEMENT B, LDB (RLIN) | |
| a | 0020960 |
| 942 ## - ADDED ENTRY ELEMENTS (KOHA) | |
| Koha item type | Book |
| Withdrawn status | Lost status | Source of classification or shelving scheme | Materials specified (bound volume or other part) | Not for loan | Collection code | Home library | Current library | Shelving location | Date acquired | Source of acquisition | Serial Enumeration / chronology | Total Checkouts | Total Holds | Full call number | Barcode | Copy number | Date shelved | Koha item type |
|---|---|---|---|---|---|---|---|---|---|---|---|---|---|---|---|---|---|---|
| C.1 | Ödünç Verilebilir / Available | Genel Koleksiyon | Merkez Kütüphane | Merkez Kütüphane | Genel Koleksiyon / Main Collection | 03/12/2007 | Satın Alma / Purchase | 1 | QC791.745 .B73 2002 | 0020960 | 1 | 21/04/2010 | Book |
